| 000 | 00713cam a2200241 4500500 | ||
|---|---|---|---|
| 005 | 20260329004715.0 | ||
| 041 | _afre | ||
| 042 | _adc | ||
| 100 | 1 | 0 |
_aPépin, Charles _eauthor |
| 245 | 0 | 0 | _a“Qu’est-ce qui distingue une bonne d’une mauvaise habitude ?” |
| 260 | _c2020. | ||
| 500 | _a8 | ||
| 690 | _aAnimal | ||
| 690 | _aCharles Pépin | ||
| 690 | _aElisabeth de Fontenay | ||
| 690 | _aHabitude | ||
| 690 | _aHumanité | ||
| 690 | _aMaîtrise | ||
| 690 | _aRavaisson | ||
| 690 | _aToc | ||
| 786 | 0 | _nPhilosophie magazine | 145 | 1 | 2020-12-01 | p. 2-4 | 1951-1787 | |
| 856 | 4 | 1 | _uhttps://shs.cairn.info/magazine-philosophie-magazine-2020-12-1-page-2?lang=fr&redirect-ssocas=7080 |
| 999 |
_c1836469 _d1836469 |
||